000 00583nam a2200277Ia 4500
005 20260401122420.0
008 008 250103s9999 xx 000 0 eng d
020 _a9780415775267
037 _aTB
040 _aEDL
040 _beng
040 _cEDL
041 _2eng
041 _aeng
084 _a822.3 KAH
084 _qEDL
245 0 _aKinglear: New Critical Essaays
260 _aNew york
260 _bRoutledge
260 _c2008
300 _a374p
942 _cTB
942 _h822.3 KAH
999 _c1847129
_d1847129